000 00697nam a2200289Ia 4500
005 20260324144516.0
008 008 260324s9999 xx 000 0 eng d
020 _a9780429035623
037 _aEBOOK
040 _aCRL
040 _beng
040 _cCRL
041 _2eng
041 _aeng
084 _qCRL
100 _aAlan Richards
_91219586
245 0 _aFood, States, And Peasants
245 0 _bAnalyses Of The Agrarian Question In The Middle East
260 _bTaylor and Francis
260 _c1987
365 _a
365 _b220
856 _uhttp://www.taylorfrancis.com/books/9780429035623
942 _cEBOOK
999 _c1826282
_d1826282